00537nam a22001452 4500001001100000005001700011008004100028020002000069040001500089245016000104260002800264300001500292650005100307700003300358000000617120151217145830.0080115s xx 000 0 eng d a02508265 :cKES aKABUcKABU10aEnvironment and development in Kenya :bresearch papers presented at the 1997/98 academy public lectures series on biodiversity /ceditor: Shem O. Wandiga. aNairobi :bKNAS,c2006. aix, 52 p. 0aBiodiversityxConservationzKenya.@00001575661 aWandiga, Shem O.@0000157567